Taylor Swift Track 4s - Statistics

General Stats
  • This quiz has been taken 64 times
    57 since last reset
  • The average score is 10 of 11
Answer Stats
Album Song % Correct
reputation Don't Blame Me
98%
Midnights Snow On The Beach
93%
Speak Now (Taylor's Version) Speak Now
93%
Lover The Man
91%
THE TORTURED POETS DEPARTMENT Down Bad
89%
1989 (Taylor's Version) Out Of The Woods
89%
folklore exile
85%
Fearless (Taylor's Version) Hey Stephen
85%
Red (Taylor's Version) I Knew You Were Trouble
85%
evermore 'tis the damn season
80%
Taylor Swift A Place In This World
76%
No matching quizzes found
Score Distribution
Percent of People with Each Score
Percentile by Number Answered
Your Score History
You have not taken this quiz since the last reset